<?xml version="1.0" encoding="UTF-8"?>
<collection xmlns="http://www.loc.gov/MARC21/slim">
 <record>
  <leader>00299pamaa2200121   4500</leader>
  <controlfield tag="001">0000052061</controlfield>
  <controlfield tag="005">20140108090000.0</controlfield>
  <controlfield tag="008">140108s2011              eng</controlfield>
  <datafield tag="022" ind1="0" ind2="0">
   <subfield code="a">00014664</subfield>
  </datafield>
  <datafield tag="245" ind1="1" ind2="0">
   <subfield code="a">Accountancy : </subfield>
   <subfield code="b">vol.147, No. 1-6, 2011.</subfield>
  </datafield>
  <datafield tag="300" ind1=" " ind2=" ">
   <subfield code="a">30 cm.</subfield>
  </datafield>
  <datafield tag="650" ind1="0" ind2="0">
   <subfield code="a">Journal </subfield>
  </datafield>
  <datafield tag="901" ind1=" " ind2=" ">
   <subfield code="u">http://www.accountancy,agazine.com</subfield>
  </datafield>
 </record>
</collection>
